000 00354nam a22001457a 4500
020 _qHB.
040 _cFIZZA ISHAQ
082 _a624.152
_bALA
100 _aJOHNSON,ALAN.
_9110473
245 _aRECOMMENDATIONS ON EXCAVATIONS EAB /
_cALAN JHONSON.
250 _a3RD ED.
260 _aGERMAN ;
_bWILEY ;
_c2014.
300 _a305 P. ;
942 _2ddc
_cBK
999 _c593797
_d593797